[Event "FIDE World Blitz-ch Women 2018"]
[Site "St. Petersburg"]
[Date "2018.12.30"]
[Round "12.57"]
[White "Loskutova, Viktoriya"]
[Black "Dumcheva, Julia"]
[Result "1-0"]
[WhiteElo "2105"]
[BlackElo "2168"]
[Annotator "NA"]
[PlyCount "71"]
[EventDate "2018.12.19"]
[EventType "swiss"]
[EventCountry "RUS"]
[SourceTitle "playchess.com"]
[Source "ChessBase"]
[SourceQuality "1"]

1. e4 c5 2. Nc3 g6 3. f4 Bg7 4. Nf3 Nc6 5. g3 e6 6. Bg2 d5 7. d3 Nge7 8. O-O O-O 9. e5 a6 10. a4 Rb8 11. Ne2 b5 12. axb5 axb5 13. g4 Qb6 14. Ng3 c4+ 15. d4 b4 16. f5 exf5 17. gxf5 Nxf5 18. Nxf5 Bxf5 19. c3 bxc3 20. bxc3 Be4 21. Kh1 Qb3 22. Qe1 Qb5 23. Qh4 Na5 24. Ba3 Rfe8 25. Ng5 Bxg2+ 26. Kxg2 h6 27. Nxf7 Nb3 28. Nxh6+ Bxh6 29. Qxh6 Rb7 30. Rf8+ Rxf8 31. Qxf8+ Kh7 32. Rf1 Qd7 33. Rf4 g5 34. Rf5 Nd2 35. Rxg5 Ne4 36. Qg8+ 1-0

[Event "FIDE World Blitz-ch Women 2018"]
[Site "St. Petersburg"]
[Date "2018.12.30"]
[Round "12.58"]
[White "Utiatskaja, Irina"]
[Black "Tomashevskaya, Lidia"]
[Result "1/2-1/2"]
[WhiteElo "2246"]
[BlackElo "2123"]
[Annotator "NA"]
[PlyCount "67"]
[EventDate "2018.12.19"]
[EventType "swiss"]
[EventCountry "RUS"]
[SourceTitle "playchess.com"]
[Source "ChessBase"]
[SourceQuality "1"]

1. e4 e5 2. Nf3 Nc6 3. Nc3 Nf6 4. d4 exd4 5. Nxd4 Bb4 6. Nxc6 bxc6 7. Bd3 d5 8. exd5 cxd5 9. O-O O-O 10. Bg5 c6 11. Na4 h6 12. Bh4 a5 13. c3 Be7 14. Re1 Rb8 15. Bc2 Re8 16. Qd3 Ne4 17. Bxe7 Rxe7 18. Nc5 Bf5 19. b3 Bg6 20. Nxe4 Bxe4 21. Qd2 Bxc2 22. Qxc2 Qe8 23. Qd2 Rbb7 24. h3 Rbd7 25. Kf1 Qa8 26. Qd4 Qb8 27. Qc5 Qc7 28. Rxe7 Rxe7 29. Re1 Rxe1+ 30. Kxe1 Qe5+ 31. Kf1 Qc7 32. c4 dxc4 33. Qxc4 c5 34. Qd5 1/2-1/2

[Event "FIDE World Blitz-ch Women 2018"]
[Site "St. Petersburg"]
[Date "2018.12.30"]
[Round "12.59"]
[White "Bogumil, Tatiana"]
[Black "Iljushina, Olga"]
[Result "0-1"]
[WhiteElo "2114"]
[BlackElo "2259"]
[Annotator "NA"]
[PlyCount "113"]
[EventDate "2018.12.19"]
[EventType "swiss"]
[EventCountry "RUS"]
[SourceTitle "playchess.com"]
[Source "ChessBase"]
[SourceQuality "1"]

1. Nf3 c5 2. c4 Nc6 3. g3 g6 4. d4 cxd4 5. Nxd4 Bg7 6. Nb3 Nf6 7. Nc3 O-O 8. Bg2 d6 9. O-O Be6 10. Nd5 Rc8 11. Bg5 Ne5 12. Bxf6 exf6 13. Qd4 Nxc4 14. Qxa7 Nxb2 15. Qxb7 Rb8 16. Qa6 f5 17. Rab1 Kh8 18. Ne3 Rb6 19. Qa3 Nc4 20. Qc1 Ne5 21. Nd5 Rb8 22. Rd1 Qc8 23. Qxc8 Rfxc8 24. Rbc1 Rxc1 25. Rxc1 Ra8 26. Rc2 h5 27. h4 Kh7 28. Kf1 Rb8 29. Kg1 Nd7 30. Kh2 Nf6 31. Nxf6+ Bxf6 32. Rd2 Rb6 33. Nd4 Be5 34. a4 Ra6 35. Nxe6 fxe6 36. Ra2 f4 37. Kh3 fxg3 38. fxg3 Ra5 39. Bf3 Kg7 40. Kg2 Kf6 41. Kf2 Bd4+ 42. e3 Bc5 43. Ke2 d5 44. Kd3 Bd6 45. e4 Bxg3 46. exd5 exd5 47. Rf2 Bxh4 48. Ra2 Bg3 49. Kd4 Be5+ 50. Kd3 h4 51. Bg4 Kg5 52. Bd7 Kf4 53. Rf2+ Kg3 54. Re2 Bf4 55. Re6 g5 56. Re1 h3 57. Rg1+ 0-1

[Event "FIDE World Blitz-ch Women 2018"]
[Site "St. Petersburg"]
[Date "2018.12.30"]
[Round "12.60"]
[White "Kosteniuk, Oksana"]
[Black "Doan, Thi Van Anh"]
[Result "0-1"]
[WhiteElo "2096"]
[BlackElo "1950"]
[Annotator "NA"]
[PlyCount "96"]
[EventDate "2018.12.19"]
[EventType "swiss"]
[EventCountry "RUS"]
[SourceTitle "playchess.com"]
[Source "ChessBase"]
[SourceQuality "1"]

1. Nf3 d5 2. g3 g6 3. Bg2 Bg7 4. d3 Nf6 5. O-O Bf5 6. Nbd2 Qc8 7. Re1 Bh3 8. e4 dxe4 9. Nxe4 h5 10. Bg5 O-O 11. Nxf6+ exf6 12. Bd2 Bxg2 13. Kxg2 c6 14. h4 Nd7 15. Bc3 Qc7 16. Re7 Qd6 17. Qe2 Rab8 18. Re3 Qd5 19. Kh2 Nb6 20. Nd2 Qf5 21. Re1 Nd5 22. Rf3 Nxc3 23. bxc3 Qa5 24. Nb3 Qxc3 25. d4 Qb2 26. Nc5 Qxd4 27. Nb3 Qd5 28. Rd3 Qe5 29. Qd2 Qf5 30. Nd4 Qg4 31. Nb3 g5 32. Nc5 Rbe8 33. Rxe8 Rxe8 34. Rd4 Qe2 35. Qxe2 Rxe2 36. Kg2 b6 37. Rd8+ Kh7 38. Nd3 Rxc2 39. Nb4 Rc4 40. Nd3 gxh4 41. gxh4 Rxh4 42. Kg3 Rg4+ 43. Kh2 c5 44. f3 Rd4 45. Rxd4 cxd4 46. Kh3 f5 47. Nf4 Kh6 48. Kg3 Be5 0-1

[Event "FIDE World Blitz-ch Women 2018"]
[Site "St. Petersburg"]
[Date "2018.12.30"]
[Round "12.61"]
[White "Stetsko, Lanita"]
[Black "Sviridova, Vlada"]
[Result "0-1"]
[WhiteElo "2194"]
[BlackElo "2144"]
[Annotator "NA"]
[PlyCount "84"]
[EventDate "2018.12.19"]
[EventType "swiss"]
[EventCountry "RUS"]
[SourceTitle "playchess.com"]
[Source "ChessBase"]
[SourceQuality "1"]

1. e4 e6 2. d4 d5 3. exd5 exd5 4. Nf3 Bd6 5. c4 Nf6 6. Nc3 dxc4 7. Bxc4 O-O 8. O-O Nc6 9. Bg5 h6 10. Be3 Bg4 11. Be2 a6 12. Na4 Nb4 13. Nc5 Rb8 14. Qd2 Nbd5 15. h3 Bf5 16. Ne5 Re8 17. Ncd3 Ne4 18. Qc1 Nxe3 19. Qxe3 f6 20. Qf3 Bh7 21. Nc4 Ng5 22. Qg4 f5 23. Qh5 Qf6 24. Nde5 b5 25. Nxd6 cxd6 26. Nd7 Qe6 27. Nxb8 Bg6 28. Qh4 Rxb8 29. Bd3 Qf6 30. Rae1 Nf3+ 31. gxf3 Qxh4 32. Re6 Kh7 33. Kg2 Qg5+ 34. Kh2 Qf4+ 35. Kg2 Bh5 36. Re3 Rf8 37. Rfe1 Rf6 38. Kf1 Bxf3 39. Re7 Rg6 40. R1e3 Bh5 41. Ke1 Rg1+ 42. Bf1 Rg3 0-1

[Event "FIDE World Blitz-ch Women 2018"]
[Site "St. Petersburg"]
[Date "2018.12.30"]
[Round "12.62"]
[White "Belova, Olga"]
[Black "Komiagina, Maria"]
[Result "1-0"]
[WhiteElo "2069"]
[BlackElo "2234"]
[Annotator "NA"]
[PlyCount "97"]
[EventDate "2018.12.19"]
[EventType "swiss"]
[EventCountry "RUS"]
[SourceTitle "playchess.com"]
[Source "ChessBase"]
[SourceQuality "1"]

1. d4 Nf6 2. Nc3 d5 3. Bg5 Nbd7 4. g3 h6 5. Bf4 e6 6. Bg2 a6 7. Nf3 c5 8. e3 Be7 9. Ne5 Nxe5 10. Bxe5 O-O 11. O-O Bd7 12. a3 Rc8 13. Qd2 Bc6 14. Bxf6 Bxf6 15. dxc5 Qe7 16. b4 Rfd8 17. Rab1 d4 18. Ne2 Bxg2 19. Kxg2 e5 20. e4 Bg5 21. Qd3 Re8 22. f3 h5 23. h4 Bf6 24. Nc1 Qe6 25. Nb3 Qc6 26. Na5 Qc7 27. Nc4 Be7 28. Nb6 Rcd8 29. Nd5 Qc6 30. c4 Bf8 31. f4 exf4 32. Rxf4 Qg6 33. Qxd4 f6 34. Rbf1 Kh7 35. Rf5 Qh6 36. Qd1 Kg8 37. Rxh5 Qg6 38. Rhf5 Rxe4 39. h5 Qe8 40. Qf3 Re2+ 41. Rf2 Rxf2+ 42. Qxf2 Qe4+ 43. Qf3 Qxc4 44. h6 Qc2+ 45. Kh3 Qd2 46. hxg7 Bxg7 47. Nxf6+ Bxf6 48. Rxf6 Qd4 49. Rg6+ 1-0

[Event "FIDE World Blitz-ch Women 2018"]
[Site "St. Petersburg"]
[Date "2018.12.30"]
[Round "13.1"]
[White "Lagno, Kateryna"]
[Black "Garifullina, Leya"]
[Result "1/2-1/2"]
[WhiteElo "2560"]
[BlackElo "2132"]
[Annotator "ChessBase"]
[PlyCount "162"]
[EventDate "2018.12.19"]
[EventType "swiss"]
[EventCountry "RUS"]
[SourceTitle "playchess.com"]
[Source "ChessBase"]
[SourceQuality "1"]

1. e4 c5 2. Nf3 d6 3. d4 cxd4 4. Nxd4 Nf6 5. Nc3 a6 6. Be2 e6 7. O-O Be7 8. Be3 Qc7 9. f4 Nbd7 10. Bf3 Nb6 11. Bf2 Nc4 12. b3 Ne3 13. Bxe3 Qxc3 14. Bf2 e5 15. Ne2 Qc7 16. c4 Bg4 17. Nc3 Bxf3 18. Qxf3 Rc8 19. Rac1 O-O 20. Kh1 Qd7 21. Rfd1 exf4 22. Qxf4 Qe6 23. Bd4 Rfe8 24. Re1 Qg4 25. Qxg4 Nxg4 26. Nd5 Bg5 27. Rcd1 Ne5 28. a4 Nc6 29. Bc3 Re6 30. g3 Bd8 31. Nf4 Rh6 32. Kg2 Ba5 33. Bxa5 Nxa5 34. Rd3 Re8 35. h4 f5 36. Kf3 Rf6 37. Ree3 fxe4+ 38. Rxe4 Rxe4 39. Kxe4 Kf7 40. Kd5 Ke7 41. b4 Nc6 42. Re3+ Kd7 43. b5 Nb4+ 44. Ke4 Rf7 45. Nd5 Nxd5 46. Kxd5 Rf5+ 47. Kd4 axb5 48. cxb5 Rf6 49. a5 Rf5 50. Rb3 Rc5 51. a6 bxa6 52. bxa6 Ra5 53. Rb7+ Kc6 54. Rxg7 Rxa6 55. Rxh7 Ra4+ 56. Ke3 Ra3+ 57. Kf4 Ra4+ 58. Kf5 Ra5+ 59. Kf6 d5 60. Rh8 d4 61. Rc8+ Kd7 62. Rc1 d3 63. Rd1 Ra3 64. Ke5 Ke7 65. Ke4 d2 66. Kf4 Ra2 67. Ke3 Ra3+ 68. Kf2 Ra2 69. g4 Ra4 70. Kf3 Ra3+ 71. Kf4 Ra2 72. h5 Kf7 73. Kg5 Kg7 74. h6+ Kh7 75. Kh5 Ra5+ 76. g5 Rd5 77. Kg4 Kg6 78. Kf4 Rxg5 79. h7 Rf5+ 80. Ke4 Rf8 81. Rxd2 Kxh7 1/2-1/2

[Event "FIDE World Blitz-ch Women 2018"]
[Site "St. Petersburg"]
[Date "2018.12.30"]
[Round "13.2"]
[White "Ushenina, Anna"]
[Black "Gunina, Valentina"]
[Result "1-0"]
[WhiteElo "2440"]
[BlackElo "2496"]
[Annotator "ChessBase"]
[PlyCount "102"]
[EventDate "2018.12.19"]
[EventType "swiss"]
[EventCountry "RUS"]
[SourceTitle "playchess.com"]
[Source "ChessBase"]
[SourceQuality "1"]

1. d4 Nf6 2. Nf3 e6 3. Bf4 c5 4. e3 Be7 5. h3 b6 6. Nc3 O-O 7. Nb5 Nd5 8. Bh2 d6 9. c4 Nc7 10. Nc3 cxd4 11. Qxd4 Nc6 12. Qd2 Bb7 13. Rd1 e5 14. Be2 f5 15. O-O Qe8 16. a3 Rd8 17. b4 Kh8 18. Qc2 Nb8 19. Rd2 Nd7 20. Rfd1 Nf6 21. a4 Qf7 22. Nb5 Nxb5 23. axb5 Ne4 24. Rd3 f4 25. exf4 exf4 26. Nd4 Rc8 27. Bf3 d5 28. Nc6 Bxc6 29. bxc6 Bxb4 30. cxd5 Ng5 31. Bg4 Rce8 32. c7 Bc5 33. c8=Q Rxc8 34. Bxc8 Rxc8 35. d6 Ne4 36. d7 Rd8 37. Rf1 Nf6 38. Qd2 f3 39. Rxf3 Rxd7 40. Rd3 Rxd3 41. Qxd3 h6 42. Be5 Nd7 43. Bc3 a5 44. Bd4 a4 45. Rd1 Bxd4 46. Qxd4 Nc5 47. Qd8+ Kh7 48. Qxb6 Qf5 49. Qa5 Qc2 50. Qd2 Qc4 51. Rc1 Qe4 1-0

[Event "FIDE World Blitz-ch Women 2018"]
[Site "St. Petersburg"]
[Date "2018.12.30"]
[Round "13.3"]
[White "Lei, Tingjie"]
[Black "Cramling, Pia"]
[Result "1-0"]
[WhiteElo "2453"]
[BlackElo "2465"]
[Annotator "ChessBase"]
[PlyCount "125"]
[EventDate "2018.12.19"]
[EventType "swiss"]
[EventCountry "RUS"]
[SourceTitle "playchess.com"]
[Source "ChessBase"]
[SourceQuality "1"]

1. e4 c5 2. Nf3 a6 3. Be2 d6 4. d4 cxd4 5. Nxd4 Nf6 6. f3 e5 7. Nb3 d5 8. exd5 Qxd5 9. Qxd5 Nxd5 10. Bd2 Nc6 11. Nc3 Nxc3 12. Bxc3 Be6 13. O-O-O Be7 14. Bd3 O-O 15. Be4 Rac8 16. Bxc6 Rxc6 17. Bxe5 Rfc8 18. c3 Bc5 19. Rhe1 h6 20. Bd4 Be7 21. g3 b6 22. Be5 Bc5 23. Bf4 a5 24. Nxc5 Rxc5 25. a3 b5 26. Bd6 R5c6 27. Rd4 a4 28. Bb4 Bb3 29. Kd2 Re6 30. Rxe6 Bxe6 31. Ke3 Re8 32. Kf2 Bc4 33. Rd2 f6 34. Bc5 Kf7 35. Bb6 Re6 36. Bc5 Re8 37. Rd7+ Kg6 38. Be3 h5 39. h4 Be6 40. Rb7 Bc4 41. Rc7 Rd8 42. g4 hxg4 43. fxg4 Be6 44. h5+ Kh7 45. h6 Rg8 46. Kg3 Kg6 47. hxg7 Rxg7 48. Rc5 Bc4 49. Rc6 Rf7 50. Kf4 Kg7 51. Bd4 Kg6 52. g5 Bd3 53. Bxf6 Rd7 54. Ke5 Bc4 55. Kf4 Bd3 56. Bd4+ Kf7 57. Rb6 Re7 58. Rf6+ Kg8 59. g6 Re2 60. Rb6 Re8 61. Kg5 Rf8 62. Rb7 Re8 63. Rh7 1-0

[Event "FIDE World Blitz-ch Women 2018"]
[Site "St. Petersburg"]
[Date "2018.12.30"]
[Round "13.4"]
[White "Goryachkina, Aleksandra"]
[Black "Ju, Wenjun"]
[Result "0-1"]
[WhiteElo "2518"]
[BlackElo "2575"]
[Annotator "ChessBase"]
[PlyCount "76"]
[EventDate "2018.12.19"]
[EventType "swiss"]
[EventCountry "RUS"]
[SourceTitle "playchess.com"]
[Source "ChessBase"]
[SourceQuality "1"]

1. e4 e5 2. Nf3 Nf6 3. Nc3 Nc6 4. d4 exd4 5. Nxd4 Bb4 6. Nxc6 bxc6 7. Bd3 d5 8. exd5 cxd5 9. O-O O-O 10. h3 Rb8 11. Qf3 Rb6 12. Na4 Re6 13. a3 Be7 14. Bf5 Ra6 15. b3 Bxf5 16. Qxf5 Qd7 17. Qxd7 Nxd7 18. Bb2 Rc6 19. Rad1 Rxc2 20. Rxd5 Nb6 21. Nxb6 axb6 22. Bc1 Bc5 23. Bf4 Bxa3 24. Rd7 c6 25. Bd6 Bxd6 26. Rxd6 h6 27. Ra1 Re8 28. Rd7 Rb2 29. Rd6 Ree2 30. Rf1 Rec2 31. Rd8+ Kh7 32. Rd7 Kg6 33. Rd6+ f6 34. g4 Rxb3 35. h4 Rb4 36. h5+ Kg5 37. f3 Rbb2 38. Rfd1 Kh4 0-1

[Event "FIDE World Blitz-ch Women 2018"]
[Site "St. Petersburg"]
[Date "2018.12.30"]
[Round "13.5"]
[White "Khademalsharieh, Sarasadat"]
[Black "Galliamova, Alisa"]
[Result "1-0"]
[WhiteElo "2470"]
[BlackElo "2444"]
[Annotator "ChessBase"]
[PlyCount "51"]
[EventDate "2018.12.19"]
[EventType "swiss"]
[EventCountry "RUS"]
[SourceTitle "playchess.com"]
[Source "ChessBase"]
[SourceQuality "1"]

1. d4 d5 2. c4 c6 3. Nf3 Nf6 4. e3 e6 5. b3 Nbd7 6. Bd3 Bb4+ 7. Nbd2 Ne4 8. O-O Nxd2 9. Bxd2 Bd6 10. e4 dxe4 11. Bxe4 h6 12. Bc3 O-O 13. Re1 Nf6 14. Bc2 c5 15. Qd3 cxd4 16. Bxd4 Be7 17. Rad1 b6 18. Ne5 Bb7 19. Ng4 g6 20. Nxh6+ Kg7 21. Nxf7 Rxf7 22. Qxg6+ Kf8 23. Bxf6 Qc7 24. Qh6+ Ke8 25. Qh8+ Bf8 26. Rxe6+ 1-0

[Event "FIDE World Blitz-ch Women 2018"]
[Site "St. Petersburg"]
[Date "2018.12.30"]
[Round "13.6"]
[White "Paehtz, Elisabeth"]
[Black "Dzagnidze, Nana"]
[Result "1-0"]
[WhiteElo "2487"]
[BlackElo "2513"]
[Annotator "ChessBase"]
[PlyCount "53"]
[EventDate "2018.12.19"]
[EventType "swiss"]
[EventCountry "RUS"]
[SourceTitle "playchess.com"]
[Source "ChessBase"]
[SourceQuality "1"]

1. d4 d5 2. Bf4 c5 3. e3 Nc6 4. Nf3 Qb6 5. Nc3 cxd4 6. exd4 Bg4 7. Be2 e6 8. Nb5 Rc8 9. c3 a6 10. Nd6+ Bxd6 11. Bxd6 Qxb2 12. O-O Qxc3 13. Rb1 Bxf3 14. Bxf3 Nxd4 15. Rxb7 Nf5 16. Qa4+ Rc6 17. Rb8+ Kd7 18. Bb4 Qc4 19. Rb7+ Kc8 20. Be2 Qc2 21. Qxc2 Rxc2 22. Bxa6 Rxa2 23. Rb6+ Kc7 24. Rb7+ Kc8 25. Rc1+ Kd8 26. Rb8+ Kd7 27. Bb5# 1-0

[Event "FIDE World Blitz-ch Women 2018"]
[Site "St. Petersburg"]
[Date "2018.12.30"]
[Round "13.7"]
[White "Stefanova, Antoaneta"]
[Black "Bivol, Alina"]
[Result "1-0"]
[WhiteElo "2486"]
[BlackElo "2393"]
[Annotator "ChessBase"]
[PlyCount "75"]
[EventDate "2018.12.19"]
[EventType "swiss"]
[EventCountry "RUS"]
[SourceTitle "playchess.com"]
[Source "ChessBase"]
[SourceQuality "1"]

1. d4 Nf6 2. Nf3 g6 3. g3 Bg7 4. Bg2 O-O 5. O-O d6 6. a4 Nbd7 7. a5 a6 8. c4 e5 9. dxe5 dxe5 10. Nc3 h6 11. Qc2 Re8 12. e4 Nc5 13. Be3 Ncd7 14. h3 c6 15. c5 Qc7 16. Nd2 Bf8 17. b4 Bg7 18. Nc4 Nf8 19. Nd6 Rd8 20. f4 exf4 21. gxf4 Nh5 22. e5 Qe7 23. Nxc8 Raxc8 24. Ne4 g5 25. fxg5 Bxe5 26. Rae1 Qc7 27. Rf5 Ng6 28. gxh6 Bh2+ 29. Kh1 Ng3+ 30. Nxg3 Bxg3 31. Ref1 Rf8 32. Rg5 Kh7 33. Be4 Bh4 34. Bxg6+ fxg6 35. Qxg6+ Kh8 36. Qg7+ Qxg7 37. hxg7+ Kh7 38. gxf8=Q 1-0

[Event "FIDE World Blitz-ch Women 2018"]
[Site "St. Petersburg"]
[Date "2018.12.30"]
[Round "13.8"]
[White "Harika, Dronavalli"]
[Black "Mamedjarova, Zeinab"]
[Result "0-1"]
[WhiteElo "2494"]
[BlackElo "2338"]
[Annotator "ChessBase"]
[PlyCount "100"]
[EventDate "2018.12.19"]
[EventType "swiss"]
[EventCountry "RUS"]
[SourceTitle "playchess.com"]
[Source "ChessBase"]
[SourceQuality "1"]

1. d3 d5 2. g3 Nf6 3. Bg2 e6 4. Nf3 c5 5. O-O Be7 6. Nbd2 O-O 7. e4 Nc6 8. Re1 b6 9. e5 Nd7 10. Nf1 f6 11. exf6 Bxf6 12. Ne3 Nde5 13. Nxe5 Nxe5 14. f4 Nc6 15. Ng4 Bd4+ 16. Kh1 g6 17. c3 Bg7 18. Bd2 a5 19. a4 Ra7 20. Qe2 Kh8 21. Rf1 Re7 22. Rae1 Ree8 23. Qd1 e5 24. Nxe5 Nxe5 25. fxe5 Rxf1+ 26. Rxf1 Rxe5 27. Bf4 Re8 28. Qf3 Bf5 29. g4 Be6 30. h3 Qd7 31. b3 Bxc3 32. Qg3 Bg7 33. Bc7 Qc6 34. Be5 Qd7 35. Bc7 c4 36. dxc4 dxc4 37. bxc4 Bxc4 38. Rc1 Bd5 39. Bxb6 Bxg2+ 40. Qxg2 Qxa4 41. Qd2 Qe4+ 42. Qg2 Qxg2+ 43. Kxg2 a4 44. Rc2 a3 45. Kf3 Rb8 46. Ba7 Ra8 47. Ke4 h6 48. Rc7 a2 49. Rxg7 a1=Q 50. Rd7 Rxa7 0-1

[Event "FIDE World Blitz-ch Women 2018"]
[Site "St. Petersburg"]
[Date "2018.12.30"]
[Round "13.9"]
[White "Girya, Olga"]
[Black "Bodnaruk, Anastasia"]
[Result "0-1"]
[WhiteElo "2454"]
[BlackElo "2420"]
[Annotator "ChessBase"]
[PlyCount "114"]
[EventDate "2018.12.19"]
[EventType "swiss"]
[EventCountry "RUS"]
[SourceTitle "playchess.com"]
[Source "ChessBase"]
[SourceQuality "1"]

1. d4 Nf6 2. Nf3 g6 3. Bg5 Bg7 4. Nbd2 d5 5. e3 O-O 6. Be2 c5 7. c3 Qb6 8. Qb3 c4 9. Qa3 Nc6 10. b3 cxb3 11. axb3 Bf5 12. O-O a5 13. Ne5 Nxe5 14. dxe5 Nd7 15. Bxe7 Rfe8 16. Nf3 Nxe5 17. Bc5 Qc7 18. Bd4 Bg4 19. Qc5 Qxc5 20. Bxc5 Nxf3+ 21. gxf3 Bh3 22. Rfc1 Rec8 23. Bd4 Bf5 24. Bxg7 Kxg7 25. Kf1 b6 26. Ke1 Kf6 27. Ra4 Rab8 28. Rd4 Rc5 29. e4 Be6 30. b4 axb4 31. Rxb4 b5 32. Kd2 Ke7 33. Rcb1 Bd7 34. Rd4 dxe4 35. fxe4 Ra8 36. Rb2 Ra3 37. Rdb4 Raxc3 38. Bxb5 Bxb5 39. Rxb5 Rxb5 40. Rxb5 Rh3 41. Rb7+ Kf6 42. Rb6+ Ke5 43. Rb7 Kf6 44. Rb6+ Kg7 45. Ke2 Rxh2 46. Ke3 h5 47. f3 Rg2 48. Rb7 h4 49. Rb1 g5 50. Rh1 Kg6 51. Rb1 h3 52. Rb8 Kg7 53. Rb1 h2 54. Rh1 Kg6 55. f4 g4 56. e5 g3 57. Kf3 Rg1 0-1

[Event "FIDE World Blitz-ch Women 2018"]
[Site "St. Petersburg"]
[Date "2018.12.30"]
[Round "13.10"]
[White "Muzychuk, Anna"]
[Black "Javakhishvili, Lela"]
[Result "1-0"]
[WhiteElo "2569"]
[BlackElo "2464"]
[Annotator "ChessBase"]
[PlyCount "83"]
[EventDate "2018.12.19"]
[EventType "swiss"]
[EventCountry "RUS"]
[SourceTitle "playchess.com"]
[Source "ChessBase"]
[SourceQuality "1"]

1. e4 d6 2. Nc3 Nf6 3. f4 c5 4. Nf3 Nc6 5. g3 g6 6. Bg2 Bg7 7. O-O O-O 8. d3 Rb8 9. h3 b5 10. g4 b4 11. Ne2 c4 12. Ng3 cxd3 13. cxd3 Qb6+ 14. Kh1 Ba6 15. Qe2 Qb5 16. Rd1 Nd7 17. Be3 Nc5 18. Bf1 Na4 19. Rab1 b3 20. a3 Nc5 21. Qg2 Qb7 22. d4 Bxf1 23. Qxf1 Nd7 24. d5 Na5 25. Bd4 e5 26. dxe6 fxe6 27. Bxg7 Kxg7 28. f5 exf5 29. gxf5 Nf6 30. Ng5 Rbe8 31. Qg2 Nc4 32. Ne6+ Rxe6 33. fxe6 Ne3 34. Nf5+ Nxf5 35. exf5 Qe7 36. fxg6 Qxe6 37. gxh7+ Kh8 38. Rf1 Rc8 39. Rbe1 Qf7 40. Re2 Rf8 41. Ref2 Qe7 42. Rxf6 1-0

[Event "FIDE World Blitz-ch Women 2018"]
[Site "St. Petersburg"]
[Date "2018.12.30"]
[Round "13.12"]
[White "Buksa, Nataliya"]
[Black "Mamedjarova, Turkan"]
[Result "1-0"]
[WhiteElo "2410"]
[BlackElo "2295"]
[Annotator "NA"]
[PlyCount "155"]
[EventDate "2018.12.19"]
[EventType "swiss"]
[EventCountry "RUS"]
[SourceTitle "playchess.com"]
[Source "ChessBase"]
[SourceQuality "1"]

1. e4 e5 2. Nf3 Nc6 3. Bb5 a6 4. Ba4 Nf6 5. O-O Be7 6. Re1 b5 7. Bb3 O-O 8. a4 Rb8 9. d3 d6 10. h3 Be6 11. Nbd2 Qd7 12. c3 Rfe8 13. Nf1 Bf8 14. Bg5 Nh5 15. axb5 axb5 16. Bd5 Bxd5 17. exd5 Ne7 18. Nxe5 dxe5 19. Qxh5 Qxd5 20. Rad1 Ng6 21. Ng3 Be7 22. Bxe7 Rxe7 23. Qg5 Rbe8 24. Nf5 Re6 25. h4 f6 26. Qg4 Qd7 27. g3 Nf8 28. h5 Ra6 29. d4 g6 30. hxg6 hxg6 31. Nh6+ Kg7 32. Qxd7+ Nxd7 33. Ng4 e4 34. Ne3 Rd6 35. Ra1 f5 36. Ra7 Rc8 37. Rea1 Nf8 38. R1a5 Rb6 39. Nd5 Rd6 40. Nxc7 Kh6 41. Nxb5 Rb6 42. d5 Rc5 43. Nd4 Rxa5 44. Rxa5 Rxb2 45. Ra7 Rb1+ 46. Kg2 Rc1 47. d6 Rxc3 48. d7 Nxd7 49. Rxd7 Ra3 50. Ne6 g5 51. Nf8 g4 52. Rd6+ Kg7 53. Ne6+ Kf6 54. Nf4+ Ke7 55. Rb6 Ra2 56. Nd5+ Kd7 57. Rf6 Rd2 58. Ne3 Ke7 59. Rxf5 Ke6 60. Rf4 Ke5 61. Rxg4 Ra2 62. Rg5+ Kf6 63. Rf5+ Kg6 64. Rf4 Ra4 65. g4 Kg5 66. Kg3 Rd4 67. Rf5+ Kg6 68. Ra5 Rb4 69. Kf4 Rb2 70. Ra6+ Kf7 71. Kg3 Rb5 72. Ra4 Re5 73. Kf4 Re6 74. Rxe4 Rf6+ 75. Kg3 Kg6 76. Nd5 Rd6 77. Nf4+ Kf6 78. Re6+ 1-0

[Event "FIDE World Blitz-ch Women 2018"]
[Site "St. Petersburg"]
[Date "2018.12.30"]
[Round "13.13"]
[White "Khotenashvili, Bela"]
[Black "Ambartsumova, Karina"]
[Result "1-0"]
[WhiteElo "2479"]
[BlackElo "2383"]
[Annotator "ChessBase"]
[PlyCount "61"]
[EventDate "2018.12.19"]
[EventType "swiss"]
[EventCountry "RUS"]
[SourceTitle "playchess.com"]
[Source "ChessBase"]
[SourceQuality "1"]

1. d4 Nf6 2. Bg5 g6 3. Bxf6 exf6 4. c4 Bg7 5. Nc3 f5 6. g3 O-O 7. e3 d6 8. Bg2 Nc6 9. Nge2 Re8 10. O-O h5 11. h4 Ne7 12. Nf4 Kh7 13. b4 Ng8 14. b5 Nf6 15. Qd3 Rb8 16. a4 b6 17. a5 Bb7 18. axb6 axb6 19. Ra7 Bxg2 20. Kxg2 Ra8 21. Rfa1 Rxa7 22. Rxa7 Qb8 23. Ra6 Qb7+ 24. Ncd5 Nxd5 25. Nxd5 Rc8 26. Qa3 Kh8 27. Ra7 Qb8 28. Qa6 c6 29. Rb7 Qa8 30. Qxa8 Rxa8 31. bxc6 1-0

[Event "FIDE World Blitz-ch Women 2018"]
[Site "St. Petersburg"]
[Date "2018.12.30"]
[Round "13.14"]
[White "Arabidze, Meri"]
[Black "Guichard, Pauline"]
[Result "1-0"]
[WhiteElo "2387"]
[BlackElo "2378"]
[Annotator "NA"]
[PlyCount "111"]
[EventDate "2018.12.19"]
[EventType "swiss"]
[EventCountry "RUS"]
[SourceTitle "playchess.com"]
[Source "ChessBase"]
[SourceQuality "1"]

1. Nf3 Nf6 2. e3 g6 3. b3 Bg7 4. Bb2 c5 5. c4 O-O 6. Be2 Nc6 7. O-O d6 8. d4 cxd4 9. exd4 d5 10. Nc3 Be6 11. Re1 Rc8 12. Rc1 h6 13. a3 Na5 14. c5 b6 15. b4 Nc4 16. Bxc4 dxc4 17. Rxe6 fxe6 18. Qe2 Qd7 19. Qxc4 Nd5 20. Ne4 bxc5 21. Nxc5 Qd6 22. Re1 Kh7 23. Qe2 Nf4 24. Qe4 Qd5 25. Qxd5 exd5 26. g3 Nd3 27. Nxd3 Rxf3 28. Nc5 Rcf8 29. Re2 R3f7 30. Kg2 g5 31. h3 Kg6 32. a4 Rc8 33. b5 e5 34. Ne6 e4 35. Nc5 Bf8 36. Ba3 h5 37. a5 Rb8 38. Rb2 Bg7 39. Ne6 Rfb7 40. Nxg7 Kxg7 41. b6 axb6 42. Bd6 Rd8 43. Be5+ Kf7 44. axb6 Ra8 45. Bc7 Ra4 46. Rd2 Ke6 47. g4 hxg4 48. hxg4 Kd7 49. Kg3 Ra3+ 50. Kg2 Kc6 51. Rc2+ Kb5 52. Rc5+ Ka6 53. Rxd5 Rd3 54. Rxg5 Rxd4 55. Re5 Rc4 56. g5 1-0

[Event "FIDE World Blitz-ch Women 2018"]
[Site "St. Petersburg"]
[Date "2018.12.30"]
[Round "13.15"]
[White "Chernyak, Viktoria"]
[Black "Abdumalik, Zhansaya"]
[Result "0-1"]
[WhiteElo "2186"]
[BlackElo "2470"]
[Annotator "ChessBase"]
[PlyCount "72"]
[EventDate "2018.12.19"]
[EventType "swiss"]
[EventCountry "RUS"]
[SourceTitle "playchess.com"]
[Source "ChessBase"]
[SourceQuality "1"]

1. c4 c5 2. Nf3 d6 3. g3 g6 4. Bg2 Bg7 5. O-O Nc6 6. Nc3 e5 7. d3 Nge7 8. a3 O-O 9. Rb1 h6 10. b4 Rb8 11. b5 Nd4 12. Nxd4 cxd4 13. Nd5 Be6 14. Nxe7+ Qxe7 15. a4 f5 16. Ba3 b6 17. a5 Bf7 18. Qa4 e4 19. Bb4 Rfe8 20. Qa3 Red8 21. Ra1 h5 22. Qb2 h4 23. axb6 axb6 24. Ra6 hxg3 25. hxg3 Bf6 26. Rfa1 Kg7 27. Ra7 Rb7 28. Rxb7 Qxb7 29. Ra6 Qc7 30. Qa3 Rd7 31. Ra8 Be5 32. Qa6 d5 33. Rc8 Qa7 34. c5 bxc5 35. Qxa7 Rxa7 36. Bxc5 Ra1+ 0-1